| 000 | 00418nam a2200133 4500 | ||
|---|---|---|---|
| 999 |
_c3842 _d3842 |
||
| 008 | 200703b ||||| |||| 00| 0 eng d | ||
| 082 | 0 | 0 |
_a623.865 _bH6779 |
| 110 |
_9730 _aH.M.S.O |
||
| 245 | 1 | 0 |
_aSurvey of life-saving appliances: instructions for the guidance of surveyors / _cby H. M. S. O. |
| 260 |
_aLondon _bH.M.S.O _c1976 |
||
| 300 | _axix, 243 p. | ||
| 650 | 0 |
_aLifesaving _xEquipment and supplies |
|
| 942 |
_2ddc _cBK |
||